| 000 | 01312cam a2200337 a 4500 | ||
|---|---|---|---|
| 001 | 12101887 | ||
| 003 | NUST-PNEC | ||
| 005 | 20170116180738.0 | ||
| 008 | 000710s2000 caua 001 0 eng d | ||
| 010 | _a 00269324 | ||
| 020 | _a0078823056 | ||
| 035 | _a(OCoLC)ocm44190700 | ||
| 040 |
_aLML _cPNEC |
||
| 042 | _alccopycat | ||
| 050 | 0 | 0 |
_aQA76.73.P258 _bU76 2000 |
| 082 | 0 | 0 |
_a005.756 URM _221 |
| 100 | 1 | _aUrman, Scott. | |
| 245 | 1 | 0 |
_aOracle8 PL/SQL programming / _cScott Urman. |
| 260 |
_aBerkeley, Calif. : _bOsborne/McGraw-Hill, _cc1997. |
||
| 300 |
_axxii, 772 p. : _bill. ; _c23 cm. |
||
| 500 | _aIncludes index. | ||
| 500 | _a"Build powerful, Web-enabled PL/SQL applications"--Cover. | ||
| 500 | _a"The authorized Oracle Press editions"--Cover. | ||
| 500 | _a"Covers releases 8i, 8.0.x, and 7.x"--Cover. | ||
| 630 | 0 | 0 | _aOracle (Computer file) |
| 650 | 0 |
_aPL/SQL (Computer program language) _xMIS, Computer |
|
| 856 | _uhttp://www.amazon.com/Oracle8-SQL-Programming-Scott-Urman/dp/0078823056/ref=sr_1_1?s=books&ie=UTF8&qid=1417421154&sr=1-1&keywords=0078823056 | ||
| 906 |
_a7 _bcbc _ccopycat _d2 _encip _f20 _gy-gencatlg |
||
| 942 |
_2ddc _cBK |
||
| 999 |
_c62038 _d62038 |
||